MARC

LEADER 00000nam0a2200000 4500
001 323875
005 20231102003619.0
035 |a (RuTPU)RU\TPU\book\349463 
035 |a RU\TPU\book\76145 
090 |a 323875 
100 |a 20161031d1978 km y0rusy50 ca 
101 0 |a rus 
102 |a RU 
105 |a a g 000zy 
200 1 |a Лабораторные приборы и оборудование из стекла  |e [справочник]  |f П. В. Правдин 
210 |a Москва  |c Химия  |d 1978 
215 |a 303с.  |c ил. 
606 1 |a Химические лаборатории  |x Оборудование  |2 stltpush  |3 (RuTPU)RU\TPU\subj\72789  |9 86183 
610 1 |a химия 
610 1 |a стеклянные лабораторные приборы 
610 1 |a фарфоровые лабораторные приборы 
610 1 |a лабораторная посуда 
610 1 |a вещества 
610 1 |a дистилляция 
610 1 |a количественный анализ 
610 1 |a качественный анализ 
610 1 |a приборы 
610 1 |a справочники 
675 |a 542.2(035)  |v 4 
700 1 |a Правдин  |b П. В.  |g Павел Васильевич 
801 1 |a RU  |b 63413507  |c 20041218  |g PSBO 
801 2 |a RU  |b 63413507  |c 20190305  |g PSBO 
942 |c BK